[Event "LEM Nachwuchs M-V u25 08.-12.02.2020"]
[Site "Aula Fleesenseeschule Malch"]
[Date "2020.02.10"]
[Round "4.14"]
[White "Liseykin, Tezey"]
[Black "Duong, Yen Nhi"]
[Result "0-1"]
[WhiteElo "843"]
[BlackElo "745"]
[PlyCount "120"]
[EventDate "2020.??.??"]
[WhiteTeam "TuS Makkabi Rostock"]
[BlackTeam "SG Neubrandenburg"]

1. d4 d5 2. Nf3 Nf6 3. Bf4 Bg4 4. e3 g6 5. Bd3 Bg7 6. O-O O-O 7. Nbd2 Nc6 8. h3
Bxf3 9. Qxf3 e6 10. c3 Qe7 11. Bg5 e5 12. Bxf6 Qxf6 13. Qxf6 Bxf6 14. Nb3 e4
15. Bc2 b6 16. Nd2 Rad8 17. Ba4 Na5 18. b4 Nc4 19. Nxc4 dxc4 20. Bb5 c5 21.
Bxc4 Kg7 22. Rad1 Rd7 23. Bb5 Rd6 24. bxc5 bxc5 25. dxc5 Rxd1 26. Rxd1 Bxc3 27.
Rc1 Bd2 28. Rc2 Ba5 29. Ba6 Bc7 30. c6 Rd8 31. Rc1 Rb8 32. Rd1 Rb6 33. Bb7 Rb2
34. Ra1 a5 35. g3 f5 36. Ba6 Kf7 37. Bc4+ Ke7 38. Ba6 Kd6 39. Bb7 a4 40. Kg2 h5
41. h4 a3 42. Rd1+ Kc5 43. Rd7 Kb6 44. Rg7 Rxa2 45. Rd7 Ra1 46. Rd4 a2 47. Rb4+
Kc5 48. Ra4 Kb5 49. Rd4 Rb1 50. Rd5+ Kb6 51. f4 a1=Q 52. Rd2 Qc3 53. Ra2 Rb3
54. Ra6+ Kb5 55. Kh3 Qc2 56. Ra7 Kb6 57. Ra6+ Kc5 58. Bc8 Rb2 59. Ra5+ Bxa5 60.
c7 Qh2# 0-1

[Event "LEM Nachwuchs M-V u25 08.-12.02.2020"]
[Site "Aula Fleesenseeschule Malch"]
[Date "2020.02.10"]
[Round "4.16"]
[White "Kimura, Jonas Minoru"]
[Black "Camen, Gerris"]
[Result "1-0"]
[WhiteElo "1415"]
[BlackElo "860"]
[PlyCount "77"]
[EventDate "2020.??.??"]
[WhiteTeam "SSC Rostock"]
[BlackTeam "Lok Pritzwalk"]

1. d4 d5 2. Nf3 Bf5 3. b3 h6 4. Bb2 Nf6 5. Nbd2 e6 6. e3 Bd6 7. Be2 Nc6 8. O-O
O-O 9. Ne5 Nb4 10. c3 Nc6 11. f4 Ne4 12. Ndf3 f6 13. Nxc6 bxc6 14. Nh4 Bh7 15.
f5 e5 16. Bh5 c5 17. dxc5 Bxc5 18. Rf3 d4 19. cxd4 Be7 20. dxe5 fxe5 21. Ng6
Bxg6 22. Bxg6 Qd2 23. Bxe5 Rfd8 24. Qf1 Bc5 25. Qc4+ Qd5 26. Qxd5+ Rxd5 27.
Bxc7 Nc3 28. Kf1 Rd1+ 29. Rxd1 Nxd1 30. e4 Ne3+ 31. Ke2 Nxg2 32. Rd3 Rc8 33.
Rd8+ Rxd8 34. Bxd8 Nf4+ 35. Kf3 Bd6 36. Bh4 Kf8 37. Bg3 Nxg6 38. Bxd6+ Kf7 39.
fxg6+ 1-0

[Event "LEM Nachwuchs M-V u25 08.-12.02.2020"]
[Site "Aula Fleesenseeschule Malch"]
[Date "2020.02.10"]
[Round "4.17"]
[White "Pommerehnke, Marla"]
[Black "Kern, Odin"]
[Result "1-0"]
[WhiteElo "1000"]
[BlackElo "732"]
[PlyCount "81"]
[EventDate "2020.??.??"]
[WhiteTeam "TuS Makkabi Rostock"]
[BlackTeam "HSG Stralsund"]

1. e4 e5 2. Nf3 Nc6 3. Bc4 Bc5 4. Nc3 Nf6 5. d3 d6 6. h3 O-O 7. Bg5 h6 8. Bh4
a6 9. a3 b5 10. Ba2 Bb7 11. Nd5 Nd4 12. Nxf6+ gxf6 13. O-O Nxf3+ 14. Qxf3 Kg7
15. Qg3+ Kh7 16. Qf3 Kg7 17. Qg4+ Kh7 18. Qf5+ Kg7 19. Qh5 Bc8 20. Rfe1 b4 21.
axb4 Bxb4 22. Re3 Bd2 23. Rg3+ Bg5 24. Bd5 Rb8 25. b3 c6 26. Bxc6 Rb6 27. Bd5
Qe7 28. Re1 Kg8 29. Ree3 Kh8 30. Ref3 Bxh3 31. gxh3 Kh7 32. Bxg5 fxg5 33. Bxf7
Rxf7 34. Rxf7+ Qxf7 35. Qxf7+ Kh8 36. h4 Rb7 37. Qxb7 Kg8 38. hxg5 Kf8 39. gxh6
Ke8 40. h7 Kd8 41. h8=R# 1-0

[Event "LEM Nachwuchs M-V u25 08.-12.02.2020"]
[Site "Aula Fleesenseeschule Malch"]
[Date "2020.02.11"]
[Round "5.1"]
[White "Schmidt, Arne"]
[Black "Goldbach, Aaron"]
[Result "0-1"]
[WhiteElo "1674"]
[BlackElo "1859"]
[PlyCount "60"]
[EventDate "2020.??.??"]
[WhiteTeam "SF Schwerin"]
[BlackTeam "SC Mecklenburger Springer"]

1. Nf3 d5 2. g3 Nf6 3. Bg2 Bf5 4. O-O e6 5. d3 Be7 6. Nbd2 h6 7. c4 c6 8. cxd5
exd5 9. Qb3 Qb6 10. Qxb6 axb6 11. Nd4 Bh7 12. Re1 O-O 13. Bh3 Na6 14. Nc2 Nb4
15. Nxb4 Bxb4 16. a3 Rfe8 17. Kf1 Re7 18. Rb1 Bd6 19. Nf3 g5 20. Nd4 g4 21. Bg2
Kg7 22. Bd2 Rae8 23. Bc3 Be5 24. Rbc1 Nd7 25. Nb3 Bxc3 26. Rxc3 Ne5 27. Rcc1
Nxd3 28. e3 Nxe1 29. Kxe1 Rxe3+ 30. fxe3 Rxe3+ 0-1

[Event "LEM Nachwuchs M-V u25 08.-12.02.2020"]
[Site "Aula Fleesenseeschule Malch"]
[Date "2020.02.11"]
[Round "5.2"]
[White "Ostrzinski, Jan"]
[Black "Lange, Marius Moritz"]
[Result "0-1"]
[WhiteElo "1532"]
[BlackElo "1703"]
[PlyCount "100"]
[EventDate "2020.??.??"]
[WhiteTeam "Think Rochade"]
[BlackTeam "VT Ludwigslust"]

1. e4 d6 2. Nf3 Nf6 3. e5 dxe5 4. Nxe5 Be6 5. Nc3 g6 6. Be2 Bg7 7. O-O O-O 8.
d3 Nbd7 9. Ng4 c6 10. Bf3 Qc7 11. Re1 Rfe8 12. Nxf6+ Nxf6 13. Re2 Rad8 14. Ne4
Ng4 15. Ng3 Bd4 16. c3 Bb6 17. Rd2 h5 18. h3 Qxg3 19. Bxg4 Bxg4 20. hxg4 hxg4
21. d4 Qh4 22. g3 Qh5 23. Re2 Kg7 24. Qf1 Rh8 25. Qg2 e5 26. Be3 exd4 27. Bxd4+
Bxd4 28. cxd4 Rxd4 29. Rae1 Rhd8 30. Re5 Qxe5 31. Rxe5 Rd1+ 32. Qf1 Rxf1+ 33.
Kxf1 Rd7 34. Re4 f5 35. Ra4 a6 36. Rb4 Kf6 37. Ke2 Ke5 38. Rb3 g5 39. Re3+ Kf6
40. Rb3 f4 41. f3 Kf5 42. fxg4+ Kxg4 43. gxf4 gxf4 44. Rb4 Rh7 45. Kd3 Kg3 46.
Rb3 f3 47. Ke4 Rh4+ 48. Ke3 f2 49. Ke2+ Kg2 50. Rf3 Re4+ 0-1

[Event "LEM Nachwuchs M-V u25 08.-12.02.2020"]
[Site "Aula Fleesenseeschule Malch"]
[Date "2020.02.11"]
[Round "5.3"]
[White "Mandrikov, Markus"]
[Black "Ederle, Artöm"]
[Result "1-0"]
[WhiteElo "1242"]
[BlackElo "1591"]
[PlyCount "109"]
[EventDate "2020.??.??"]
[WhiteTeam "Think Rochade"]
[BlackTeam "Greifswalder SV"]

1. e4 c5 2. Nf3 e6 3. d4 cxd4 4. Nxd4 Nf6 5. Nc3 Bb4 6. Nde2 Nc6 7. a3 Be7 8.
Ng3 b6 9. Bc4 Bb7 10. O-O Qc7 11. b4 Ne5 12. Bf4 Qxc4 13. Bxe5 d6 14. Bxd6 Bxd6
15. Qxd6 Rd8 16. Qe5 O-O 17. Nb5 Nxe4 18. Rad1 Rxd1 19. Rxd1 Qxc2 20. Rf1 Bd5
21. Nxe4 Bxe4 22. Nxa7 Bd5 23. Nb5 f6 24. Qd4 Bc4 25. Re1 Bxb5 26. Qxb6 Bd7 27.
a4 Qxa4 28. h3 Rc8 29. Re4 Qd1+ 30. Kh2 Qd5 31. Rd4 Qe5+ 32. g3 Rc7 33. Qb8+
Kf7 34. Rd1 Qb5 35. Qxc7 Ke8 36. Qc5 Qxc5 37. bxc5 Bc6 38. Rd6 Bd5 39. Ra6 h5
40. Ra7 Kf8 41. Rc7 g5 42. Rh7 Kg8 43. Rc7 Kf8 44. f4 g4 45. h4 Kg8 46. Rc8+
Kg7 47. c6 e5 48. c7 e4 49. Re8 Bb7 50. c8=Q Bxc8 51. Rxc8 Kf7 52. Rc4 f5 53.
Rc6 Kg7 54. Kg2 Kf7 55. Kf2 1-0

[Event "LEM Nachwuchs M-V u25 08.-12.02.2020"]
[Site "Aula Fleesenseeschule Malch"]
[Date "2020.02.11"]
[Round "5.4"]
[White "Lübbert, Charline"]
[Black "Bohndorf, Tobias"]
[Result "1-0"]
[WhiteElo "1511"]
[BlackElo "1440"]
[PlyCount "59"]
[EventDate "2020.??.??"]
[WhiteTeam "TSG Gadebusch"]
[BlackTeam "SV Gryps"]

1. e4 e5 2. Bc4 Nf6 3. d3 Nc6 4. Ne2 d6 5. h3 Be7 6. Nbc3 Na5 7. Bb3 Nxb3 8.
axb3 Be6 9. O-O O-O 10. f4 exf4 11. Bxf4 c6 12. Ng3 Qd7 13. Nf5 Bxf5 14. exf5
d5 15. Bg5 Rfe8 16. Qd2 Qc7 17. Rf3 a6 18. Kh1 Qd6 19. Raf1 Kh8 20. Ne2 Bd8 21.
Ng3 h6 22. Bf4 Qd7 23. Ne2 Bc7 24. Bxh6 gxh6 25. Qxh6+ Nh7 26. f6 Rg8 27. Rf5
Qd6 28. Nf4 Rg6 29. Nxg6+ fxg6 30. Qg7# 1-0

[Event "LEM Nachwuchs M-V u25 08.-12.02.2020"]
[Site "Aula Fleesenseeschule Malch"]
[Date "2020.02.11"]
[Round "5.5"]
[White "Reichelt, Jerome"]
[Black "Lange, Anton"]
[Result "0-1"]
[WhiteElo "905"]
[BlackElo "1385"]
[PlyCount "48"]
[EventDate "2020.??.??"]
[WhiteTeam "SV Grevesmühlen"]
[BlackTeam "HSG Stralsund"]

1. e4 e5 2. Nc3 Nc6 3. f4 d6 4. Nf3 Be7 5. Bb5 Bg4 6. f5 Nf6 7. d4 O-O 8. Be3
exd4 9. Bxd4 Ne5 10. Qe2 c6 11. Bc4 Qc7 12. O-O-O Rad8 13. h3 Bxf3 14. gxf3
Nxc4 15. Qxc4 d5 16. Qa4 dxe4 17. fxe4 Qf4+ 18. Kb1 Nxe4 19. Ne2 Qxf5 20. Qxa7
Qb5 21. Rhg1 g6 22. Bb6 Rxd1+ 23. Rxd1 Qxe2 24. Kc1 Bg5+ 0-1

[Event "LEM Nachwuchs M-V u25 08.-12.02.2020"]
[Site "Aula Fleesenseeschule Malch"]
[Date "2020.02.11"]
[Round "5.6"]
[White "Fromm, Robert"]
[Black "Tews, Leon"]
[Result "0-1"]
[WhiteElo "1178"]
[BlackElo "1273"]
[PlyCount "72"]
[EventDate "2020.??.??"]
[WhiteTeam "ASV Wismar"]
[BlackTeam "SAV Torgelow"]

1. f4 c5 2. Nf3 Nc6 3. e3 g6 4. d4 cxd4 5. Nxd4 Bg7 6. c3 Nf6 7. Be2 d6 8. Nf3
O-O 9. O-O Bf5 10. Bd2 Ne4 11. Be1 Qb6 12. Qc1 Rac8 13. Kh1 Rc7 14. Nh4 e6 15.
g4 Re8 16. Bf3 Nb4 17. Ng2 Nd3 18. Qd1 Nxb2 19. Qe2 Ng3+ 20. hxg3 Bd3 21. Qf2
Bxf1 22. Qxf1 Na4 23. Qd3 Rec8 24. f5 exf5 25. gxf5 Nxc3 26. Nxc3 Bxc3 27. Rb1
Qa5 28. Bxb7 Rxb7 29. Rxb7 Bxe1 30. f6 Bxg3 31. Qc4 Rf8 32. Nh4 Qe1+ 33. Kg2
Bxh4 34. Rxa7 Qf2+ 35. Kh1 Bg3 36. Qe4 Qh2# 0-1

[Event "LEM Nachwuchs M-V u25 08.-12.02.2020"]
[Site "Aula Fleesenseeschule Malch"]
[Date "2020.02.11"]
[Round "5.7"]
[White "Eichler, Max"]
[Black "Kerth, Robert"]
[Result "0-1"]
[WhiteElo "888"]
[BlackElo "1544"]
[PlyCount "82"]
[EventDate "2020.??.??"]
[WhiteTeam "TSG Gadebusch"]
[BlackTeam "SV Gryps"]

1. e4 e5 2. Nf3 Nc6 3. Bc4 Nf6 4. d3 Bc5 5. O-O d6 6. Bg5 h6 7. Bh4 g5 8. Bg3
Bg4 9. h3 Bh5 10. Nbd2 Qd7 11. Qc1 O-O-O 12. a3 a6 13. b4 Ba7 14. b5 Nd4 15.
Nxd4 exd4 16. bxa6 b6 17. Qb2 g4 18. hxg4 Bxg4 19. a4 Bh3 20. Qxd4 Nh5 21. Qd5
Qg4 22. Bb5 Rd7 23. Bxd7+ Kxd7 24. Qxf7+ Kc6 25. Qf3 Qxf3 26. Nxf3 Bg4 27. Rfe1
b5 28. axb5+ Kxb5 29. e5 Nxg3 30. Reb1+ Kc6 31. Rb7 Bc5 32. d4 Ne2+ 33. Kf1
Nxd4 34. Nxd4+ Bxd4 35. Ra4 dxe5 36. c3 Bc8 37. Rb8 Ba7 38. Rc4+ Kd5 39. Rbb4
Bxa6 40. Rb7 Bxc4+ 41. Kg1 Bb6 0-1

[Event "LEM Nachwuchs M-V u25 08.-12.02.2020"]
[Site "Aula Fleesenseeschule Malch"]
[Date "2020.02.11"]
[Round "5.8"]
[White "Zoll, Cindy"]
[Black "Markovych, Leonid"]
[Result "1-0"]
[WhiteElo "1387"]
[BlackElo "1117"]
[PlyCount "75"]
[EventDate "2020.??.??"]
[WhiteTeam "SG Güstrow"]
[BlackTeam "TuS Makkabi Rostock"]

1. f4 Nf6 2. e3 g6 3. Nf3 Bg7 4. d4 O-O 5. Bd3 d6 6. O-O c5 7. c3 a6 8. Qe1 Nc6
9. Qh4 h6 10. e4 e6 11. e5 Nd7 12. h3 Rb8 13. Qg3 Qe8 14. f5 exf5 15. Bxf5
Ndxe5 16. dxe5 Bxf5 17. exd6 Qd7 18. Nh4 Kh8 19. Bf4 g5 20. Nxf5 Qxf5 21. Be3
Qe5 22. Qxe5 Bxe5 23. Bxc5 Rfd8 24. Rd1 Rd7 25. Na3 b6 26. Bf2 Rxd6 27. Rxd6
Bxd6 28. Nc4 Bc5 29. Rd1 Rd8 30. Rxd8+ Nxd8 31. Nxb6 Bxf2+ 32. Kxf2 Kg7 33. Kf3
f5 34. c4 Kf7 35. Nd5 Nc6 36. Ke3 a5 37. a3 Ke6 38. b4 1-0

[Event "LEM Nachwuchs M-V u25 08.-12.02.2020"]
[Site "Aula Fleesenseeschule Malch"]
[Date "2020.02.11"]
[Round "5.9"]
[White "Mochtak, Maximilian"]
[Black "Krüger, Louis"]
[Result "0-1"]
[WhiteElo "998"]
[BlackElo "1404"]
[PlyCount "74"]
[EventDate "2020.??.??"]
[WhiteTeam "TuS Makkabi Rostock"]
[BlackTeam "SG Neubrandenburg"]

1. d4 Nf6 2. c4 d6 3. Nf3 g6 4. Bf4 Bg7 5. Nc3 O-O 6. e3 Nbd7 7. Be2 c5 8. dxc5
Nxc5 9. Bd3 Nxd3+ 10. Qxd3 Be6 11. Rd1 Rc8 12. Nd5 Nxd5 13. cxd5 Bg4 14. O-O
Qa5 15. Qe4 Bf6 16. a3 Bf5 17. Qb4 Qxb4 18. axb4 Bxb2 19. Bh6 Rfe8 20. Rd2 Bc3
21. Ra2 a6 22. Ra4 Bc2 23. Ra2 Bb3 24. Re2 Bc4 25. Rc2 Bxf1 26. Kxf1 Bxb4 27.
Rb2 a5 28. g3 Rc5 29. e4 Rec8 30. Be3 Rc4 31. Ng5 h6 32. Nf3 Kg7 33. Bd4+ f6
34. Kg2 h5 35. h4 Bc5 36. Bxc5 R8xc5 37. Nd2 Rc2 0-1

[Event "LEM Nachwuchs M-V u25 08.-12.02.2020"]
[Site "Aula Fleesenseeschule Malch"]
[Date "2020.02.11"]
[Round "5.10"]
[White "Griep, Daniel"]
[Black "Krämer, Bruno"]
[Result "1-0"]
[WhiteElo "1316"]
[BlackElo "904"]
[PlyCount "83"]
[EventDate "2020.??.??"]
[WhiteTeam "TSG Neustrelitz"]
[BlackTeam "HSG Stralsund"]

1. e4 e5 2. Nf3 Nc6 3. Bb5 a6 4. Bxc6 bxc6 5. O-O d6 6. h3 Nf6 7. Re1 g6 8. d4
Be6 9. dxe5 dxe5 10. Nxe5 c5 11. Nc3 Bg7 12. Bg5 Qd6 13. Qxd6 cxd6 14. Nf3 O-O
15. Rad1 h6 16. Bf4 Rfd8 17. Bxd6 Rd7 18. Ne5 Rb7 19. b3 a5 20. Rd2 Nd7 21. f4
Ra6 22. Red1 f6 23. Nxd7 Rxd7 24. Bxc5 Rxd2 25. Rxd2 f5 26. e5 Kf7 27. Rd6 Rxd6
28. Bxd6 g5 29. g3 g4 30. h4 Ke8 31. a3 Kd7 32. Kf2 Kc6 33. Ke3 Kb6 34. Kd4 h5
35. Nd5+ Kc6 36. Ne7+ Kb5 37. c4+ Kb6 38. c5+ Ka7 39. b4 axb4 40. axb4 Bf8 41.
Nc6+ Kb7 42. Nd8+ 1-0

[Event "LEM Nachwuchs M-V u25 08.-12.02.2020"]
[Site "Aula Fleesenseeschule Malch"]
[Date "2020.02.11"]
[Round "5.11"]
[White "Ryll, Emily Maria"]
[Black "Brand, Hannes"]
[Result "0-1"]
[WhiteElo "827"]
[BlackElo "1208"]
[PlyCount "108"]
[EventDate "2020.??.??"]
[WhiteTeam "SG Neubrandenburg"]
[BlackTeam "SC Mecklenburger Springer"]

1. e4 c5 2. Nc3 d6 3. Bc4 Nf6 4. Nf3 e6 5. d3 Be7 6. O-O h6 7. e5 dxe5 8. Nxe5
Qc7 9. Bf4 Qd8 10. Bb5+ Bd7 11. d4 cxd4 12. Qxd4 Bxb5 13. Nxb5 Qxd4 14. Nxd4
Nd5 15. Be3 Bf6 16. Nc4 O-O 17. Rad1 a6 18. Nd6 b6 19. Ne4 Be5 20. c3 Ra7 21.
Nf3 f5 22. Nxe5 fxe4 23. c4 Nxe3 24. fxe3 Rc8 25. Rd4 Rac7 26. Rxe4 Nc6 27.
Nxc6 Rxc6 28. Rc1 Kf7 29. g4 g5 30. Kg2 Kg6 31. Kg3 Rf8 32. h4 gxh4+ 33. Kxh4
Rf2 34. b3 Rxa2 35. Re5 b5 36. g5 Rh2+ 37. Kg4 Rg2+ 38. Kh4 hxg5+ 39. Kh3 Rb2
40. Rg1 Kf6 41. Rexg5 Rxb3 42. Kh4 Rxc4+ 43. Kh5 Rxe3 44. Rf1+ Ke7 45. Rg7+ Kd6
46. Rd1+ Kc6 47. Rg8 Rh3+ 48. Kg6 Rg4+ 49. Kf7 Rf3+ 50. Ke7 Rxg8 51. Rd6+ Kc5
52. Rxe6 Rg7+ 53. Ke8 Rff7 54. Kd8 Ra7 0-1

[Event "LEM Nachwuchs M-V u25 08.-12.02.2020"]
[Site "Aula Fleesenseeschule Malch"]
[Date "2020.02.11"]
[Round "5.12"]
[White "Duong, Yen Nhi"]
[Black "Kimura, Jonas Minoru"]
[Result "0-1"]
[WhiteElo "745"]
[BlackElo "1415"]
[PlyCount "78"]
[EventDate "2020.??.??"]
[WhiteTeam "SG Neubrandenburg"]
[BlackTeam "SSC Rostock"]

1. d4 d5 2. Nc3 Bf5 3. Nf3 Nf6 4. Bg5 c6 5. e3 Nbd7 6. Ne2 e6 7. c4 Bb4+ 8. Nc3
Qa5 9. Qd2 Ne4 10. Qc1 Nxc3 11. b3 Nxa2+ 12. Qd2 Bxd2+ 13. Nxd2 O-O 14. Be2
dxc4 15. bxc4 b5 16. O-O Qxd2 17. Bf3 Rfc8 18. Rfd1 Qa5 19. d5 Bc2 20. Rf1 exd5
21. cxd5 cxd5 22. Bxd5 Rab8 23. Bf4 b4 24. Rxa2 Qxd5 25. Rfa1 Rb7 26. Ra5 Qd3
27. h3 b3 28. Kh2 b2 29. Re1 Qd2 30. Rh1 Qxa5 31. h4 b1=R 32. Rxb1 Bxb1 33. Kg3
Rc2 34. e4 Rb3+ 35. f3 Rbb2 36. Kh3 Rxg2 37. Bc1 Rh2+ 38. Kg4 Qe5 39. Bxb2 Nf6#
0-1

[Event "LEM Nachwuchs M-V u25 08.-12.02.2020"]
[Site "Aula Fleesenseeschule Malch"]
[Date "2020.02.11"]
[Round "5.13"]
[White "Schulz, Bruno Andreas"]
[Black "Pommerehnke, Marla"]
[Result "1-0"]
[WhiteElo "1270"]
[BlackElo "1000"]
[PlyCount "81"]
[EventDate "2020.??.??"]
[WhiteTeam "TuS Makkabi Rostock"]
[BlackTeam "TuS Makkabi Rostock"]

1. d4 d5 2. c4 c6 3. Nf3 Nf6 4. Nc3 g6 5. Bf4 Bg7 6. e3 O-O 7. Be2 Bf5 8. Qb3
b6 9. O-O Qc8 10. cxd5 cxd5 11. Nxd5 Nxd5 12. Qxd5 Nd7 13. Rac1 Qe8 14. Ba6 Be6
15. Qc6 Nf6 16. Bb7 Qxc6 17. Bxc6 Rac8 18. Bb7 Rxc1 19. Rxc1 Bxa2 20. Ra1 Bc4
21. Rxa7 Nd5 22. Ne5 Bb3 23. Bg3 Nb4 24. Nd7 Rd8 25. Nxb6 Nd5 26. Nxd5 Bxd5 27.
Bxd5 Rxd5 28. Rxe7 Bf8 29. Re8 Rd7 30. b4 Ra7 31. h3 Ra6 32. d5 Kg7 33. b5 Rb6
34. Rb8 Rxb8 35. Bxb8 Kf6 36. b6 Ke7 37. d6+ Kd7 38. b7 Kc6 39. d7 Be7 40. Bd6
Kxb7 41. Bxe7 1-0

[Event "LEM Nachwuchs M-V u25 08.-12.02.2020"]
[Site "Aula Fleesenseeschule Malch"]
[Date "2020.02.11"]
[Round "5.14"]
[White "Ivanov, Maksim"]
[Black "Liseykin, Tezey"]
[Result "1-0"]
[WhiteElo "1034"]
[BlackElo "843"]
[PlyCount "63"]
[EventDate "2020.??.??"]
[WhiteTeam "SSC Rostock"]
[BlackTeam "TuS Makkabi Rostock"]

1. d4 Nf6 2. c4 c5 3. Nc3 g6 4. g3 d6 5. d5 e5 6. Bg2 Bg7 7. e4 O-O 8. Nge2 Bg4
9. f3 Bd7 10. O-O b6 11. g4 h6 12. g5 hxg5 13. Bxg5 Qc8 14. f4 Bh3 15. f5 Bxg2
16. Kxg2 Na6 17. Ng3 Rb8 18. h4 Qe8 19. h5 Nc7 20. Rh1 a5 21. Qe2 b5 22. cxb5
Nxb5 23. Nxb5 Rxb5 24. Rh2 Rb7 25. Rah1 Qb5 26. h6 Qxe2+ 27. Nxe2 Rxb2 28. Kf2
Bh8 29. h7+ Kg7 30. Bh6+ Kxh7 31. Bxf8+ Kg8 32. Rxh8# 1-0

[Event "LEM Nachwuchs M-V u25 08.-12.02.2020"]
[Site "Aula Fleesenseeschule Malch"]
[Date "2020.02.11"]
[Round "6.1"]
[White "Goldbach, Aaron"]
[Black "Lange, Marius Moritz"]
[Result "1/2-1/2"]
[WhiteElo "1859"]
[BlackElo "1703"]
[PlyCount "20"]
[EventDate "2020.??.??"]
[WhiteTeam "SC Mecklenburger Springer"]
[BlackTeam "VT Ludwigslust"]

1. d4 d6 2. c4 g6 3. e4 Nf6 4. Nc3 Bg7 5. Nf3 c6 6. Be2 Bg4 7. O-O O-O 8. Bg5
Nbd7 9. h3 Bxf3 10. Bxf3 Qc7 1/2-1/2

[Event "LEM Nachwuchs M-V u25 08.-12.02.2020"]
[Site "Aula Fleesenseeschule Malch"]
[Date "2020.02.11"]
[Round "6.2"]
[White "Mandrikov, Markus"]
[Black "Schmidt, Arne"]
[Result "0-1"]
[WhiteElo "1242"]
[BlackElo "1674"]
[PlyCount "90"]
[EventDate "2020.??.??"]
[WhiteTeam "Think Rochade"]
[BlackTeam "SF Schwerin"]

1. e4 c5 2. Nf3 Nc6 3. d4 cxd4 4. Nxd4 e5 5. Nxc6 dxc6 6. Qxd8+ Kxd8 7. Nc3 Be6
8. Be3 Bb4 9. Rd1+ Ke8 10. a3 Ba5 11. Be2 Ne7 12. O-O Bc7 13. f4 exf4 14. Bxf4
Bxf4 15. Rxf4 Ng6 16. Rf3 Ke7 17. Rg3 Rad8 18. Rxd8 Rxd8 19. Rd3 Rxd3 20. cxd3
Bb3 21. g3 f6 22. Kf2 Ne5 23. d4 Nd7 24. Ke3 Kd6 25. Bd1 Bxd1 26. Nxd1 Nb6 27.
Kd3 g6 28. g4 Na8 29. b4 Nc7 30. Ne3 b5 31. h4 Ne6 32. h5 Nf4+ 33. Kc3 gxh5 34.
gxh5 Nxh5 35. Nf5+ Kc7 36. Kb3 Nf4 37. a4 a6 38. axb5 axb5 39. Kc3 Kd7 40. e5
Nd5+ 41. Kb3 Ke6 42. Ng7+ Kf7 43. exf6 Kxf6 44. Nh5+ Kg5 45. Ng7 h5 0-1

[Event "LEM Nachwuchs M-V u25 08.-12.02.2020"]
[Site "Aula Fleesenseeschule Malch"]
[Date "2020.02.11"]
[Round "6.3"]
[White "Kerth, Robert"]
[Black "Ostrzinski, Jan"]
[Result "0-1"]
[WhiteElo "1544"]
[BlackElo "1532"]
[PlyCount "58"]
[EventDate "2020.??.??"]
[WhiteTeam "SV Gryps"]
[BlackTeam "Think Rochade"]

1. e4 c5 2. Nc3 Nc6 3. Nf3 g6 4. Bb5 Bg7 5. d3 a6 6. Bxc6 bxc6 7. O-O d6 8. Bg5
Qb6 9. Rb1 e5 10. h3 Be6 11. Qd2 h6 12. Bh4 f6 13. Nh2 g5 14. Bg3 h5 15. f3 Bh6
16. Qe2 Ne7 17. Bf2 Ng6 18. b3 Nf4 19. Qd1 Ra7 20. Be3 Rg7 21. Bxf4 gxf4 22.
Kh1 Rhg8 23. Rg1 Bxh3 24. gxh3 Rxg1+ 25. Qxg1 Rxg1+ 26. Rxg1 Kf7 27. h4 Qa5 28.
Na4 Qd2 29. Rg2 Qe1+ 0-1

[Event "LEM Nachwuchs M-V u25 08.-12.02.2020"]
[Site "Aula Fleesenseeschule Malch"]
[Date "2020.02.11"]
[Round "6.4"]
[White "Lange, Anton"]
[Black "Lübbert, Charline"]
[Result "1/2-1/2"]
[WhiteElo "1385"]
[BlackElo "1511"]
[PlyCount "85"]
[EventDate "2020.??.??"]
[WhiteTeam "HSG Stralsund"]
[BlackTeam "TSG Gadebusch"]

1. d4 d5 2. Bf4 Bf5 3. Nf3 Nf6 4. e3 e6 5. Bd3 Bxd3 6. Qxd3 Nbd7 7. O-O Be7 8.
Nbd2 Nh5 9. Bg3 Nxg3 10. fxg3 O-O 11. e4 dxe4 12. Qxe4 c6 13. Rae1 Rb8 14. c3
Qc7 15. Ne5 Nxe5 16. Qxe5 Qxe5 17. Rxe5 b6 18. Nb3 Rfd8 19. Rfe1 Rd5 20. Rxd5
cxd5 21. Nc1 b5 22. a3 a5 23. Ne2 g6 24. Nf4 b4 25. axb4 axb4 26. Ra1 bxc3 27.
bxc3 Rb3 28. Ne2 Bg5 29. Kf2 Bd2 30. Ra8+ Kg7 31. Rc8 h5 32. h3 Rb2 33. Kf3 Ra2
34. Rc7 Ra4 35. Nf4 Bxf4 36. gxf4 Ra3 37. g4 h4 38. g5 Ra2 39. Kg4 Rf2 40. Kxh4
Rxf4+ 41. Kg3 Re4 42. Kf3 Rh4 43. Kg3 1/2-1/2

[Event "LEM Nachwuchs M-V u25 08.-12.02.2020"]
[Site "Aula Fleesenseeschule Malch"]
[Date "2020.02.11"]
[Round "6.5"]
[White "Tews, Leon"]
[Black "Ederle, Artöm"]
[Result "0-1"]
[WhiteElo "1273"]
[BlackElo "1591"]
[PlyCount "62"]
[EventDate "2020.??.??"]
[WhiteTeam "SAV Torgelow"]
[BlackTeam "Greifswalder SV"]

1. e4 c5 2. Nf3 e6 3. d4 cxd4 4. Nxd4 Nf6 5. f3 Nc6 6. Bc4 Qc7 7. Be3 Bc5 8.
Qd2 Qb6 9. c3 e5 10. Nc2 O-O 11. b4 Bxe3 12. Qxe3 Qc7 13. O-O Nxb4 14. Bxf7+
Rxf7 15. Nxb4 d6 16. Nd2 Be6 17. Rfc1 d5 18. a3 Qd6 19. Qd3 a6 20. Kh1 Rd7 21.
Rd1 a5 22. Nc2 Rad8 23. Ne3 d4 24. Nec4 Bxc4 25. Nxc4 Qc5 26. Rdc1 dxc3 27.
Qxc3 b5 28. Ne3 Rd1+ 29. Rxd1 Qxc3 30. Rxd8+ Kf7 31. Nd5 Qxa1# 0-1

[Event "LEM Nachwuchs M-V u25 08.-12.02.2020"]
[Site "Aula Fleesenseeschule Malch"]
[Date "2020.02.11"]
[Round "6.6"]
[White "Zoll, Cindy"]
[Black "Griep, Daniel"]
[Result "1-0"]
[WhiteElo "1387"]
[BlackElo "1316"]
[PlyCount "75"]
[EventDate "2020.??.??"]
[WhiteTeam "SG Güstrow"]
[BlackTeam "TSG Neustrelitz"]

1. f4 d5 2. Nf3 Bf5 3. e3 Nc6 4. c3 Nf6 5. d4 e6 6. Be2 Bd6 7. O-O Qe7 8. Ne5
Bxe5 9. fxe5 Ne4 10. Nd2 O-O 11. Bg4 Bxg4 12. Qxg4 Qg5 13. Rf4 Qxg4 14. Rxg4
Nxd2 15. Bxd2 f5 16. exf6 Rxf6 17. e4 Raf8 18. exd5 exd5 19. Be3 Na5 20. b3 b6
21. Rc1 c6 22. h3 b5 23. Rg5 Rf5 24. Rxf5 Rxf5 25. Bd2 Nb7 26. c4 bxc4 27. bxc4
Nd6 28. cxd5 Rxd5 29. Rxc6 Rxd4 30. Be3 Rd1+ 31. Kf2 Nb5 32. a4 Nd6 33. Bxa7
Nf5 34. a5 Ra1 35. Bb6 Ne7 36. Rc4 Kf7 37. Rc7 Kf6 38. Bd4+ 1-0

[Event "LEM Nachwuchs M-V u25 08.-12.02.2020"]
[Site "Aula Fleesenseeschule Malch"]
[Date "2020.02.11"]
[Round "6.7"]
[White "Bohndorf, Tobias"]
[Black "Brand, Hannes"]
[Result "1/2-1/2"]
[WhiteElo "1440"]
[BlackElo "1208"]
[PlyCount "54"]
[EventDate "2020.??.??"]
[WhiteTeam "SV Gryps"]
[BlackTeam "SC Mecklenburger Springer"]

1. e4 c5 2. Nf3 d6 3. d4 cxd4 4. Nxd4 Nf6 5. Nc3 a6 6. f3 e5 7. Nb3 Nbd7 8. Be3
Be7 9. Qd2 O-O 10. O-O-O b5 11. h4 Qc7 12. h5 b4 13. Nd5 Nxd5 14. exd5 f5 15.
h6 g6 16. Bg5 Bxg5 17. Qxg5 Bb7 18. g4 Rac8 19. Rh2 f4 20. Bd3 Rf6 21. Nd2 Bxd5
22. Be4 Kh8 23. b3 a5 24. Kb1 Be6 25. Bd3 Bd5 26. Ne4 Bxe4 27. Bxe4 Rcf8
1/2-1/2